[Event "Iberoamerican-ch Rapid"]
[Site "Sant Boi"]
[Date "2023.12.09"]
[Round "4"]
[White "Sequera Paolini, Jose Rafael"]
[Black "Sosa, Tomas1"]
[Result "0-1"]
[WhiteElo "2381"]
[BlackElo "2558"]
[PlyCount "86"]
[EventDate "2023.12.09"]
[EventType "swiss (rapid)"]
[EventRounds "9"]
[EventCountry "ESP"]
[SourceTitle "CB50_2023"]
[SourceDate "2023.12.13"]
[SourceVersion "1"]
[SourceVersionDate "2023.12.13"]
[SourceQuality "1"]

1. d4 e6 2. Nf3 Nf6 3. Bf4 c5 4. e3 Nc6 5. Nc3 Qa5 6. Be2 Nd5 7. 0-0 Nxf4 8. exf4 cxd4 9. Nxd4 Be7 10. Re1 0-0 11. Bf3 Bf6 12. Ndb5 d5 13. Qd3 Nb4 14. Qe2 d4 15. Ne4 d3 16. Nxf6+ gxf6 17. cxd3 Qxb5 18. Be4 f5 19. Qh5 f6 20. Re3 Rf7 21. a3 Nc2 22. Rg3+ Kf8 23. Rf1 Bd7 24. Bf3 Nd4 25. Qh6+ Ke7 26. Bh5 Raf8 27. Kh1 Kd6 28. Bxf7 Rxf7 29. b4 Bc6 30. Qh5 Ke7 31. Rc1 Qd5 32. h3 Qa2 33. b5 Qb2 34. Qd1 Nxb5 35. Rc2 Qd4 36. Rg8 Qxf4 37. Qe1 Qd6 38. Qa5 f4 39. f3 Nd4 40. Rc4 e5 41. Qxa7 Ke6 42. Qa8 b5 43. Rc1 Bxa8 0-1

[Event "Benasque op 40th"]
[Site "Benasque"]
[Date "2021.07.14"]
[Round "10"]
[White "Hapala, Elisabeth"]
[Black "Sequera Paolini, Jose Rafael"]
[Result "1/2-1/2"]
[WhiteElo "2128"]
[BlackElo "2402"]
[PlyCount "72"]
[EventDate "2021.07.05"]
[EventType "swiss"]
[EventRounds "10"]
[EventCountry "ESP"]
[SourceTitle "EXT 2022"]
[Source "ChessBase"]
[SourceDate "2021.10.06"]
[SourceVersion "1"]
[SourceVersionDate "2021.10.06"]
[SourceQuality "1"]

1. e4 c5 2. Nf3 e6 3. d4 cxd4 4. Nxd4 Nf6 5. Nc3 Nc6 6. Ndb5 Bc5 7. Bf4 0-0 8. Bc4 Qe7 9. Bd6 Bxd6 10. Qxd6 Qd8 11. Nc7 Rb8 12. Be2 b5 13. e5 Ne8 14. Nxe8 b4 15. Ne4 Rxe8 16. 0-0 Qa5 17. f4 Rb6 18. a3 Rd8 19. Rf3 bxa3 20. Rfxa3 Qb4 21. Qxb4 Rxb4 22. Bd3 Rxb2 23. Nd6 Kf8 24. Be4 Bb7 25. Nxb7 Rxb7 26. Bxc6 dxc6 27. Rxa7 Rxa7 28. Rxa7 g5 29. fxg5 Rd5 30. Rc7 Rc5 31. Kf2 Kg7 32. h4 Rc3 33. g4 Rxc2+ 34. Kf3 Rc3+ 35. Kf4 Rc4+ 36. Kf3 Rc3+ 1/2-1/2

[Event "Reykjavik op"]
[Site "Reykjavik"]
[Date "2015.03.17"]
[Round "9"]
[White "Maze, Sebastien"]
[Black "Sequera Paolini, Jose Rafael"]
[Result "1-0"]
[WhiteElo "2564"]
[BlackElo "2408"]
[PlyCount "89"]
[EventDate "2015.03.10"]
[EventType "swiss"]
[EventRounds "10"]
[EventCountry "ISL"]
[SourceTitle "CBM 165 Extra"]
[Source "ChessBase"]
[SourceDate "2015.04.21"]
[SourceVersion "1"]
[SourceVersionDate "2015.04.21"]
[SourceQuality "1"]

1. e4 c5 2. Nf3 Nc6 3. Bb5 d6 4. 0-0 Bd7 5. Re1 Nf6 6. c3 a6 7. Bf1 Bg4 8. h3 Bxf3 9. Qxf3 g6 10. d3 Bg7 11. Be3 e5 12. Nd2 0-0 13. a4 b5 14. Bg5 Qe7 15. Be2 h6 16. Bh4 Qe6 17. Bd1 Nd7 18. Bb3 c4 19. axb5 axb5 20. dxc4 Nc5 21. cxb5 Nxb3 22. Nxb3 Qxb3 23. bxc6 g5 24. Bg3 Qxb2 25. Rxa8 Rxa8 26. Qd3 Qb6 27. Qxd6 Rc8 28. Bxe5 Rxc6 29. Qd7 Bxe5 30. Qe8+ Kh7 31. Qxe5 Rc5 32. Qd4 Qc7 33. Re3 Rc4 34. Qf6 Rc6 35. Qf3 Rc4 36. g3 Kg7 37. e5 Rc6 38. Kh2 Kg8 39. h4 gxh4 40. gxh4 Rc4 41. Qf6 Rxc3 42. Qxh6 Rxe3 43. Qxe3 Qc4 44. Qg5+ Kh7 45. Qf6 1-0

[Event "Reykjavik op"]
[Site "Reykjavik"]
[Date "2015.03.11"]
[Round "2"]
[White "Sequera Paolini, Jose Rafael"]
[Black "Gonzalez Pruneda, Arturo Jose"]
[Result "1-0"]
[WhiteElo "2408"]
[BlackElo "2131"]
[PlyCount "73"]
[EventDate "2015.03.10"]
[EventType "swiss"]
[EventRounds "10"]
[EventCountry "ISL"]
[SourceTitle "CBM 165 Extra"]
[Source "ChessBase"]
[SourceDate "2015.04.21"]
[SourceVersion "1"]
[SourceVersionDate "2015.04.21"]
[SourceQuality "1"]

1. f4 c5 2. Nf3 d5 3. e3 Nc6 4. d4 Nf6 5. c3 e6 6. Bd3 Be7 7. Nbd2 b6 8. 0-0 Bb7 9. b3 0-0 10. Bb2 Ng4 11. Ng5 Bxg5 12. Qxg4 Bf6 13. Nf3 g6 14. Rae1 Ne7 15. Qh3 Nf5 16. g4 Nd6 17. Ne5 Ne4 18. Bxe4 dxe4 19. c4 Bxe5 20. fxe5 f5 21. exf6 Rxf6 22. dxc5 Rf3 23. Qh6 Qe7 24. Be5 Rd8 25. Rd1 Rd3 26. Rxf3 Rxd1+ 27. Rf1 Rxf1+ 28. Kxf1 bxc5 29. Qf4 Qd8 30. Bd6 Bc8 31. g5 a5 32. Qe5 Qd7 33. Qxc5 a4 34. Ke1 axb3 35. axb3 Kf7 36. Kd2 Bb7 37. Kc3 1-0

[Event "Rochefort op 14th"]
[Site "Rochefort"]
[Date "2015.02.26"]
[Round "8"]
[White "Stets, Dmitry"]
[Black "Sequera Paolini, Jose Rafael"]
[Result "1-0"]
[WhiteElo "2385"]
[BlackElo "2413"]
[PlyCount "99"]
[EventDate "2015.02.21"]
[EventType "swiss"]
[EventRounds "9"]
[EventCountry "FRA"]
[SourceTitle "CBM 165 Extra"]
[Source "ChessBase"]
[SourceDate "2015.04.21"]
[SourceVersion "1"]
[SourceVersionDate "2015.04.21"]
[SourceQuality "1"]

1. e4 e6 2. d4 d5 3. Nc3 Bb4 4. e5 b6 5. a3 Bf8 6. Nf3 c5 7. Bg5 Qd7 8. Bb5 Nc6 9. dxc5 bxc5 10. 0-0 h6 11. Bd2 Bb7 12. Re1 a6 13. Ba4 Nge7 14. Ne2 Nc8 15. c3 Nb6 16. Bc2 Nc4 17. b4 N6xe5 18. Nxe5 Nxe5 19. bxc5 Bxc5 20. Nd4 Bxd4 21. cxd4 Nc4 22. Bb4 Nd6 23. Rc1 Bc6 24. Qg4 0-0 25. Re3 f5 26. Qf4 Nc4 27. Rg3 Rf6 28. h4 Rc8 29. Bd3 Qc7 30. Qxc7 Rxc7 31. Bxc4 Bb5 32. Bxb5 Rxc1+ 33. Bf1 e5 34. dxe5 Rfc6 35. f4 Ra1 36. Re3 Rc4 37. Kf2 Rxf4+ 38. Rf3 Ra2+ 39. Kg3 Rg4+ 40. Kh3 g6 41. h5 a5 42. Bd6 Kf7 43. hxg6+ Kxg6 44. Bd3 Rgxg2 45. Bxf5+ Kg5 46. e6 Rg1 47. Be7+ Kh5 48. Bc5 Re1 49. Kg3 Rae2 50. Kf4 1-0

[Event "Rochefort op 14th"]
[Site "Rochefort"]
[Date "2015.02.25"]
[Round "7"]
[White "Sequera Paolini, Jose Rafael"]
[Black "Dumitrache, Dragos Nicolae"]
[Result "1/2-1/2"]
[WhiteElo "2413"]
[BlackElo "2423"]
[PlyCount "60"]
[EventDate "2015.02.21"]
[EventType "swiss"]
[EventRounds "9"]
[EventCountry "FRA"]
[SourceTitle "CBM 165 Extra"]
[Source "ChessBase"]
[SourceDate "2015.04.21"]
[SourceVersion "1"]
[SourceVersionDate "2015.04.21"]
[SourceQuality "1"]

1. e4 c5 2. Nc3 Nc6 3. Bb5 Nd4 4. Bc4 e6 5. Nf3 Ne7 6. Nxd4 cxd4 7. Ne2 Nc6 8. d3 Bc5 9. a3 0-0 10. Ng3 d5 11. Ba2 dxe4 12. dxe4 a5 13. 0-0 b6 14. Nh5 Qh4 15. Nf4 Ba6 16. g3 Qe7 17. Nd3 Kh8 18. Qh5 Rac8 19. e5 Qc7 20. Re1 Ne7 21. Bg5 Ng6 22. Rad1 Bb7 23. f3 a4 24. Bb1 Be7 25. Bxe7 Qxe7 26. Nf2 Qc5 27. Nd3 Qd5 28. Nb4 Qc5 29. Nd3 Qd5 30. Nb4 Qc5 1/2-1/2

[Event "Lienz op-A 18th"]
[Site "Lienz"]
[Date "2015.02.14"]
[Round "9"]
[White "Vishnu, Prakash"]
[Black "Sequera Paolini, Jose Rafael"]
[Result "1-0"]
[WhiteElo "2463"]
[BlackElo "2413"]
[PlyCount "73"]
[EventDate "2015.02.07"]
[EventType "swiss"]
[EventRounds "9"]
[EventCountry "AUT"]
[SourceTitle "CBM 164 Extra"]
[Source "ChessBase"]
[SourceDate "2015.03.02"]
[SourceVersion "1"]
[SourceVersionDate "2015.03.02"]
[SourceQuality "1"]

1. e4 e6 2. d4 d5 3. Nc3 Bb4 4. e5 b6 5. a3 Bf8 6. Nf3 Qd7 7. Bb5 c6 8. Ba4 Ba6 9. Ne2 Bb5 10. Bxb5 cxb5 11. 0-0 Nc6 12. Ng3 Rc8 13. b4 h5 14. Qd3 Nce7 15. Bd2 g6 16. Ne2 Nf5 17. Rfb1 Rc4 18. g3 Be7 19. h3 Ngh6 20. Kg2 Kd8 21. Bf4 a6 22. Rh1 Kc8 23. Qd2 Ng8 24. c3 Kb7 25. Ra2 Bd8 26. Rha1 Nge7 27. Qd3 Bc7 28. Nd2 Rc6 29. a4 bxa4 30. b5 axb5 31. Qxb5 Ra8 32. Rxa4 Rxa4 33. Qxa4 Bb8 34. g4 Ng7 35. Bg5 Nc8 36. Qa8+ Kc7 37. c4 1-0

[Event "Sitges op 39th"]
[Site "Sitges"]
[Date "2013.07.25"]
[Round "4"]
[White "Sequera Paolini, Jose Rafael"]
[Black "Kovchan, Alexander"]
[Result "1-0"]
[WhiteElo "2394"]
[BlackElo "2577"]
[PlyCount "129"]
[EventDate "2013.07.22"]
[EventType "swiss"]
[EventRounds "9"]
[EventCountry "ESP"]
[SourceTitle "CBM 155 Extra"]
[Source "ChessBase"]
[SourceDate "2013.08.26"]
[SourceVersion "1"]
[SourceVersionDate "2013.08.26"]
[SourceQuality "1"]

1. f4 g6 2. Nf3 Bg7 3. g3 d5 4. Bg2 c6 5. 0-0 Qb6+ 6. d4 Bf5 7. c3 Nd7 8. Nbd2 Ngf6 9. h3 h5 10. Ng5 c5 11. Nb3 cxd4 12. Nxd4 Be4 13. Bxe4 Nxe4 14. Nxe4 dxe4 15. Qa4 Rd8 16. Be3 0-0 17. Qa3 Qc5 18. Qxc5 Nxc5 19. b3 f5 20. Rad1 Rc8 21. c4 Kf7 22. Nc2 b6 23. Bd4 Rfd8 24. Bxg7 Kxg7 25. Ne3 Kf6 26. Nd5+ Kf7 27. h4 e5 28. fxe5 Re8 29. Nf4 Rxe5 30. Rd6 Rg8 31. Nh3 Re7 32. Ng5+ Kg7 33. Rfd1 Rc8 34. Kf2 Nb7 35. Rd7 Kf8 36. Ke3 Ke8 37. R7d5 Rc5 38. Kf4 Rc6 39. Re5 Rxe5 40. Kxe5 Ke7 41. Nh3 Nd8 42. Nf4 Nf7+ 43. Kd4 Rd6+ 44. Nd5+ Ke6 45. a4 Nd8 46. Ke3 Ke5 47. Rc1 Ne6 48. b4 g5 49. hxg5 h4 50. Nf4 Nxg5 51. gxh4 Nf7 52. h5 Nh6 53. Ng6+ Kf6 54. c5 bxc5 55. bxc5 Rc6 56. Kd4 Nf7 57. Kd5 Rc8 58. c6 Rd8+ 59. Kc5 Rc8 60. Rd1 Kg5 61. Ne7 Rd8 62. Rxd8 Nxd8 63. h6 Kxh6 64. Nxf5+ Kg5 65. Nd4 1-0

[Event "Barcelona Sant Marti op-A 15th"]
[Site "Barcelona"]
[Date "2013.07.17"]
[Round "5"]
[White "Dalo, Hermes"]
[Black "Sequera Paolini, Jose Rafael"]
[Result "0-1"]
[WhiteElo "2148"]
[BlackElo "2394"]
[PlyCount "100"]
[EventDate "2013.07.13"]
[EventType "swiss"]
[EventRounds "9"]
[EventCountry "ESP"]
[SourceTitle "CBM 155 Extra"]
[Source "ChessBase"]
[SourceDate "2013.08.26"]
[SourceVersion "1"]
[SourceVersionDate "2013.08.26"]
[SourceQuality "1"]

1. d4 e6 2. c4 Nf6 3. Nc3 Bb4 4. e3 c5 5. Bd3 Bxc3+ 6. bxc3 d6 7. Nf3 Nc6 8. 0-0 e5 9. Nd2 0-0 10. Rb1 Qe7 11. d5 e4 12. dxc6 exd3 13. Nf3 bxc6 14. Qxd3 Ne4 15. Rb3 Qe6 16. Ra3 a5 17. Nd2 Nxd2 18. Qxd2 a4 19. Qd1 Qxc4 20. Qxd6 Ba6 21. Rd1 h6 22. h3 Bb5 23. e4 Kh7 24. Be3 Rad8 25. Qxd8 Rxd8 26. Rxd8 Qf1+ 27. Kh2 c4 28. Rd7 Kg6 29. Rd6+ f6 30. e5 Kf7 31. e6+ Ke8 32. Rd7 Qb1 33. Bc5 Qf5 34. Bd6 Qxe6 35. Re7+ Qxe7 36. Bxe7 Kxe7 37. Kg3 f5 38. Kf4 Kf6 39. Ke3 c5 40. f4 Bc6 41. Kf2 Kg6 42. g3 Kh5 43. Ke2 g5 44. Ke3 Be8 45. Kf3 Bd7 46. Ke3 Bc6 47. fxg5 Kxg5 48. Ke2 f4 49. Kf2 h5 50. gxf4+ Kxf4 0-1

[Event "Barcelona Sant Marti op-A 15th"]
[Site "Barcelona"]
[Date "2013.07.16"]
[Round "4"]
[White "Sequera Paolini, Jose Rafael"]
[Black "Silva, Luis Neves Da"]
[Result "1/2-1/2"]
[WhiteElo "2394"]
[BlackElo "2218"]
[PlyCount "98"]
[EventDate "2013.07.13"]
[EventType "swiss"]
[EventRounds "9"]
[EventCountry "ESP"]
[SourceTitle "CBM 155 Extra"]
[Source "ChessBase"]
[SourceDate "2013.08.26"]
[SourceVersion "1"]
[SourceVersionDate "2013.08.26"]
[SourceQuality "1"]

1. e4 c5 2. Nf3 d6 3. d4 cxd4 4. Nxd4 Nf6 5. Nc3 a6 6. f4 e5 7. Nf3 Nbd7 8. a4 Be7 9. Bd3 0-0 10. 0-0 Nc5 11. Kh1 exf4 12. Bxf4 Bg4 13. Qe1 Bh5 14. Nh4 Nd5 15. Nxd5 Bxh4 16. Bg3 Bxg3 17. Qxg3 Bg6 18. Rf4 Re8 19. b4 Nd7 20. Raf1 Rc8 21. h4 Re5 22. Rg4 Nf8 23. Rf5 Nd7 24. Rf1 Nf8 25. Ne3 h5 26. Rgf4 Ne6 27. R4f2 Bxe4 28. Rxf7 Bxd3 29. cxd3 Rc7 30. Nf5 Kxf7 31. Nxd6+ Kg8 32. Qxe5 Qxh4+ 33. Kg1 Qd4+ 34. Qxd4 Nxd4 35. Re1 Rd7 36. Re8+ Kh7 37. Ne4 Nc2 38. Re6 Kg8 39. b5 axb5 40. axb5 Nb4 41. Re8+ Kf7 42. Rb8 Nxd3 43. Rxb7 Rxb7 44. Nd6+ Ke6 45. Nxb7 Kd5 46. Nd8 Kc5 47. Ne6+ Kxb5 48. Nxg7 Nf4 49. Kf2 Nxg2 1/2-1/2

[Event "Barcelona Sant Marti op-A 15th"]
[Site "Barcelona"]
[Date "2013.07.14"]
[Round "2"]
[White "Sequera Paolini, Jose Rafael"]
[Black "De Azua Arpi, Rafael"]
[Result "1-0"]
[WhiteElo "2394"]
[BlackElo "1943"]
[PlyCount "75"]
[EventDate "2013.07.13"]
[EventType "swiss"]
[EventRounds "9"]
[EventCountry "ESP"]
[SourceTitle "CBM 155 Extra"]
[Source "ChessBase"]
[SourceDate "2013.08.26"]
[SourceVersion "1"]
[SourceVersionDate "2013.08.26"]
[SourceQuality "1"]

1. e4 e6 2. f4 d5 3. e5 c5 4. Nf3 Nc6 5. c3 Nh6 6. Na3 Be7 7. Bd3 f5 8. Nc2 Bd7 9. Be2 Qb6 10. d4 0-0 11. 0-0 Rac8 12. Kh1 cxd4 13. Nfxd4 Nxd4 14. Nxd4 Bc5 15. a4 a6 16. Nb3 Be7 17. h3 Nf7 18. Rf3 Kh8 19. Be3 Qd8 20. Bd4 g5 21. g3 Rg8 22. Bd3 Nh6 23. Re3 Qe8 24. Na5 Qg6 25. fxg5 Bxg5 26. Rf3 Bh4 27. Qe2 Be7 28. Nxb7 Qh5 29. Qg2 Rg7 30. Nd6 Rcg8 31. Rg1 f4 32. Rxf4 Rxg3 33. Qxg3 Rxg3 34. Rxg3 Bxa4 35. Rf2 Bd1 36. Kg1 Ba4 37. Be2 Qh4 38. Rfg2 1-0

[Event "Barcelona Sant Marti op-A 15th"]
[Site "Barcelona"]
[Date "2013.07.13"]
[Round "1"]
[White "Grebstad, Kjell Borre"]
[Black "Sequera Paolini, Jose Rafael"]
[Result "0-1"]
[WhiteElo "2005"]
[BlackElo "2394"]
[PlyCount "70"]
[EventDate "2013.07.13"]
[EventType "swiss"]
[EventRounds "9"]
[EventCountry "ESP"]
[SourceTitle "CBM 155 Extra"]
[Source "ChessBase"]
[SourceDate "2013.08.26"]
[SourceVersion "1"]
[SourceVersionDate "2013.08.26"]
[SourceQuality "1"]

1. d4 d5 2. c4 e6 3. Nc3 f5 4. Nf3 c6 5. cxd5 exd5 6. Bf4 Nf6 7. g3 Bd6 8. e3 0-0 9. Bg2 Ne4 10. 0-0 Qe7 11. Ne2 Nd7 12. a3 a5 13. Nc1 b6 14. Nd3 Ba6 15. Re1 Bxd3 16. Qxd3 g5 17. Bxd6 Qxd6 18. Nd2 a4 19. f3 Nxd2 20. Qxd2 b5 21. e4 f4 22. e5 Qe6 23. g4 Nb6 24. Bf1 Nc4 25. Qc3 h5 26. h3 hxg4 27. hxg4 Kg7 28. Bxc4 bxc4 29. Kg2 Rab8 30. Re2 Rh8 31. Rh1 Rxh1 32. Kxh1 Qh6+ 33. Kg1 Rh8 34. Rg2 Qh1+ 35. Kf2 Qd1 0-1

[Event "Barbera del Valles op 36th"]
[Site "Barbera del Valles"]
[Date "2013.07.12"]
[Round "9"]
[White "Plukkel, Sjoerd"]
[Black "Sequera Paolini, Jose Rafael"]
[Result "0-1"]
[WhiteElo "2314"]
[BlackElo "2394"]
[PlyCount "102"]
[EventDate "2013.07.04"]
[EventType "swiss"]
[EventRounds "9"]
[EventCountry "ESP"]
[SourceTitle "CBM 155 Extra"]
[Source "ChessBase"]
[SourceDate "2013.08.26"]
[SourceVersion "1"]
[SourceVersionDate "2013.08.26"]
[SourceQuality "1"]

1. e4 c5 2. Nf3 Nc6 3. d4 cxd4 4. Nxd4 Nf6 5. Nc3 e6 6. Ndb5 Bc5 7. Nd6+ Ke7 8. Nxc8+ Rxc8 9. Bd3 d5 10. Bg5 Bb4 11. 0-0 Bxc3 12. bxc3 dxe4 13. Bxe4 Qxd1 14. Rfxd1 Na5 15. Bf3 b6 16. Rd4 Rhd8 17. Rxd8 Rxd8 18. Rd1 Rxd1+ 19. Bxd1 h6 20. Bc1 Nd5 21. Bf3 Nc4 22. Bxd5 exd5 23. Kf1 Kd6 24. Ke2 Kc5 25. f3 f6 26. h4 a5 27. Bf4 Ne5 28. Be3+ Kc4 29. Kd2 Nd7 30. Bf4 Ne5 31. Be3 b5 32. Bb6 a4 33. Bc7 h5 34. Bd6 g6 35. Be7 f5 36. Bd6 Nc6 37. Bf8 d4 38. cxd4 Nxd4 39. c3 Ne6 40. Bd6 Nd8 41. Be5 Nb7 42. Bf6 Nc5 43. Be7 Nd7 44. Bd6 Nf6 45. Bc7 Nd5 46. Be5 f4 47. Bd6 Nxc3 48. a3 Nd5 49. Bf8 Ne3 50. g3 Nf1+ 51. Kc2 fxg3 0-1

[Event "Barbera del Valles op 36th"]
[Site "Barbera del Valles"]
[Date "2013.07.07"]
[Round "4"]
[White "Sequera Paolini, Jose Rafael"]
[Black "Hayrapetyan, Hovik"]
[Result "0-1"]
[WhiteElo "2394"]
[BlackElo "2486"]
[PlyCount "120"]
[EventDate "2013.07.04"]
[EventType "swiss"]
[EventRounds "9"]
[EventCountry "ESP"]
[SourceTitle "CBM 155 Extra"]
[Source "ChessBase"]
[SourceDate "2013.08.26"]
[SourceVersion "1"]
[SourceVersionDate "2013.08.26"]
[SourceQuality "1"]

1. e4 c5 2. Nf3 e6 3. d4 cxd4 4. Nxd4 a6 5. Nc3 Qc7 6. Bd3 Nc6 7. Nxc6 bxc6 8. Qe2 Bb7 9. 0-0 d5 10. f4 Nf6 11. e5 Nd7 12. Na4 g6 13. c4 d4 14. Bd2 c5 15. Be4 Rb8 16. b3 Be7 17. Nb2 Bxe4 18. Qxe4 Qb7 19. Qe2 h5 20. Rf3 Kf8 21. Nd3 h4 22. Rh3 Kg7 23. Ne1 Rh5 24. Nf3 Rbh8 25. Rf1 Bd8 26. Be1 Nb8 27. Bf2 Nc6 28. Nd2 Be7 29. Qf3 Qa8 30. Be1 Nb4 31. Qxa8 Rxa8 32. Ne4 Nc6 33. g4 hxg3 34. Rxh5 gxh5 35. hxg3 Kg6 36. Kf2 a5 37. a4 Rb8 38. Nd2 f6 39. exf6 Bxf6 40. Kf3 e5 41. Ke4 exf4 42. gxf4 Re8+ 43. Kd5 Nb4+ 44. Kd6 Nd3 45. f5+ Kf7 46. Nf3 Nxe1 47. Nxe1 d3 48. Nf3 d2 49. Kxc5 Re2 50. Kb6 Rf2 51. Nxd2 Bd8+ 52. Kb7 Rxd2 53. c5 Rd3 54. c6 Rxb3+ 55. Kc8 Bf6 56. c7 Be5 57. Rc1 h4 58. Kd7 Rb7 59. Rh1 Rxc7+ 60. Kd8 Rc3 0-1

[Event "Barbera del Valles op 36th"]
[Site "Barbera del Valles"]
[Date "2013.07.04"]
[Round "1"]
[White "Yakushev, Vladimir Sergeevic"]
[Black "Sequera Paolini, Jose Rafael"]
[Result "0-1"]
[WhiteElo "2111"]
[BlackElo "2394"]
[PlyCount "70"]
[EventDate "2013.07.04"]
[EventType "swiss"]
[EventRounds "9"]
[EventCountry "ESP"]
[SourceTitle "CBM 155 Extra"]
[Source "ChessBase"]
[SourceDate "2013.08.26"]
[SourceVersion "1"]
[SourceVersionDate "2013.08.26"]
[SourceQuality "1"]

1. Nf3 e6 2. g3 d5 3. Bg2 c6 4. d4 f5 5. 0-0 Bd6 6. c4 Nf6 7. Nc3 0-0 8. cxd5 exd5 9. Ne5 Nbd7 10. Bf4 Qe7 11. Nxd7 Bxd7 12. e3 Ne4 13. Bxd6 Nxd6 14. Qb3 Kh8 15. Rae1 Rae8 16. Qa3 g5 17. f4 g4 18. b3 Rf6 19. Bxd5 cxd5 20. Nxd5 Qf8 21. Nxf6 Qxf6 22. Qxa7 Bc6 23. d5 Bb5 24. Qd4 Qxd4 25. exd4 Bxf1 26. Rxe8+ Nxe8 27. Kxf1 Kg7 28. Ke2 Kf7 29. Kd3 Ke7 30. a4 Kd6 31. Kc4 Nc7 32. a5 Nxd5 33. Kb5 h5 34. b4 Nxf4 35. Kb6 Nd5+ 0-1

[Event "Cappelle op 29th"]
[Site "Cappelle la Grande"]
[Date "2013.03.01"]
[Round "8"]
[White "Sumets, Andrey"]
[Black "Sequera Paolini, Jose Rafael"]
[Result "0-1"]
[WhiteElo "2632"]
[BlackElo "2396"]
[PlyCount "76"]
[EventDate "2013.02.23"]
[EventType "swiss"]
[EventRounds "9"]
[EventCountry "FRA"]
[SourceTitle "CBM 153 Extra"]
[Source "ChessBase"]
[SourceDate "2013.04.22"]
[SourceVersion "1"]
[SourceVersionDate "2013.04.22"]
[SourceQuality "1"]

1. d4 Nf6 2. c4 g6 3. Nc3 d5 4. e3 Bg7 5. cxd5 Nxd5 6. Bc4 Nxc3 7. bxc3 c5 8. Nf3 0-0 9. 0-0 Qc7 10. Bb3 Nd7 11. e4 e5 12. d5 Nb6 13. Nd2 Bd7 14. a4 Nc8 15. Nc4 Nd6 16. f4 Nxc4 17. Bxc4 Qa5 18. Ra3 exf4 19. Qb3 Rae8 20. Qxb7 Rxe4 21. Qxd7 Rxc4 22. Bxf4 Qd8 23. Qc6 Bxc3 24. Rb3 Qe8 25. Qxe8 Rxe8 26. d6 Bd4+ 27. Kh1 Bf6 28. g3 Rxa4 29. d7 Rd8 30. Bh6 Be5 31. Re1 f6 32. Rc1 Rxd7 33. Rxc5 Ra2 34. Rc8+ Kf7 35. Rf8+ Ke6 36. Re8+ Kf5 37. Rb1 g5 38. h4 Rdd2 0-1

[Event "Cappelle op 29th"]
[Site "Cappelle la Grande"]
[Date "2013.02.28"]
[Round "7"]
[White "Sequera Paolini, Jose Rafael"]
[Black "Papin, Vasily"]
[Result "1/2-1/2"]
[WhiteElo "2396"]
[BlackElo "2562"]
[PlyCount "74"]
[EventDate "2013.02.23"]
[EventType "swiss"]
[EventRounds "9"]
[EventCountry "FRA"]
[SourceTitle "CBM 153 Extra"]
[Source "ChessBase"]
[SourceDate "2013.04.22"]
[SourceVersion "1"]
[SourceVersionDate "2013.04.22"]
[SourceQuality "1"]

1. e4 c5 2. Nf3 e6 3. d4 cxd4 4. Nxd4 a6 5. Bd3 Qb6 6. Nb3 Qc7 7. Nc3 Nf6 8. 0-0 d6 9. Qe2 Nbd7 10. f4 b5 11. Bd2 Be7 12. Rae1 b4 13. Nd1 Bb7 14. Kh1 a5 15. e5 Nd5 16. c4 bxc3 17. Nxc3 0-0 18. Nb5 Qb6 19. exd6 Bf6 20. a4 g6 21. Rc1 Bxb2 22. Rc2 Bf6 23. Rfc1 e5 24. Rc7 Nxc7 25. Be3 Bxg2+ 26. Kg1 Qb7 27. Rxc7 Qd5 28. Bc4 Qe4 29. Nd2 Qf5 30. Qxg2 exf4 31. Bf2 Rae8 32. Nf3 Ne5 33. Nxe5 Rxe5 34. Bf1 f3 35. Qh3 Qe4 36. Rc5 Rxc5 37. Bxc5 Qd5 1/2-1/2

[Event "Cappelle op 29th"]
[Site "Cappelle la Grande"]
[Date "2013.02.25"]
[Round "3"]
[White "Sequera Paolini, Jose Rafael"]
[Black "Lokander, Martin"]
[Result "0-1"]
[WhiteElo "2396"]
[BlackElo "2231"]
[PlyCount "50"]
[EventDate "2013.02.23"]
[EventType "swiss"]
[EventRounds "9"]
[EventCountry "FRA"]
[SourceTitle "CBM 153 Extra"]
[Source "ChessBase"]
[SourceDate "2013.04.22"]
[SourceVersion "1"]
[SourceVersionDate "2013.04.22"]
[SourceQuality "1"]

1. e4 e5 2. Nc3 Nf6 3. f4 d5 4. fxe5 Nxe4 5. Qf3 f5 6. d3 Nxc3 7. bxc3 d4 8. cxd4 Qxd4 9. Rb1 Nc6 10. Ne2 Qa4 11. Kd1 Qxa2 12. Nc3 Qf7 13. Qe3 Bb4 14. d4 f4 15. Qd2 Bg4+ 16. Ke1 0-0-0 17. Rxb4 Nxb4 18. Nb5 Nc6 19. c3 f3 20. Qf4 f2+ 21. Qxf2 Qb3 22. Qd2 Nxe5 23. Nxa7+ Kb8 24. Nb5 Nc4 25. Qd3 Rhf8 0-1

[Event "San Cristobal Bolivar op 1st"]
[Site "San Cristobal"]
[Date "2012.09.28"]
[Round "7"]
[White "Cancio Bello Ayes, Flavia"]
[Black "Sequera Paolini, Jose Rafael"]
[Result "1/2-1/2"]
[WhiteElo "2134"]
[BlackElo "2420"]
[PlyCount "73"]
[EventDate "2012.09.25"]
[EventType "swiss"]
[EventRounds "10"]
[EventCountry "VEN"]
[SourceTitle "EXT 2013"]
[Source "ChessBase"]
[SourceDate "2012.11.22"]
[SourceVersion "1"]
[SourceVersionDate "2012.11.22"]
[SourceQuality "1"]

1. e4 e6 2. d4 d5 3. Nc3 Nc6 4. e5 Bd7 5. Nf3 Qe7 6. Be2 0-0-0 7. 0-0 f6 8. a3 Qf7 9. b4 fxe5 10. dxe5 Nh6 11. h3 Nf5 12. Bd2 Kb8 13. Rb1 h6 14. b5 Ncd4 15. Nxd4 Nxd4 16. Bd3 Be7 17. a4 h5 18. a5 g5 19. Be3 Nf5 20. Bxf5 exf5 21. Qd4 b6 22. axb6 cxb6 23. Ra1 Bc5 24. Qa4 Bc8 25. Bxc5 bxc5 26. b6 a6 27. Nb5 Qd7 28. Rfb1 Rh6 29. b7 Bxb7 30. Nd6 Rxd6 31. exd6 Qxa4 32. Rxa4 Rxd6 33. h4 d4 34. hxg5 f4 35. Ra5 Rd5 36. g6 Rg5 37. Rxa6 1/2-1/2

[Event "San Cristobal Bolivar op 1st"]
[Site "San Cristobal"]
[Date "2012.09.28"]
[Round "6"]
[White "Sequera Paolini, Jose Rafael"]
[Black "Pinzon, Jairo David"]
[Result "0-1"]
[WhiteElo "2420"]
[BlackElo "2223"]
[PlyCount "156"]
[EventDate "2012.09.25"]
[EventType "swiss"]
[EventRounds "10"]
[EventCountry "VEN"]
[SourceTitle "EXT 2013"]
[Source "ChessBase"]
[SourceDate "2012.11.22"]
[SourceVersion "1"]
[SourceVersionDate "2012.11.22"]
[SourceQuality "1"]

1. f4 c5 2. Nf3 Nc6 3. g3 g6 4. Bg2 Bg7 5. 0-0 e6 6. e4 d6 7. Nc3 Nge7 8. d3 0-0 9. Be3 Nd4 10. Rb1 Rb8 11. Ne2 Nxf3+ 12. Bxf3 b5 13. h4 Bb7 14. h5 Qc7 15. g4 f5 16. g5 Rbe8 17. h6 Bh8 18. c3 e5 19. Qb3+ c4 20. Qxb5 cxd3 21. Qxd3 d5 22. exd5 e4 23. d6 exd3 24. dxc7 Bxf3 25. Rxf3 dxe2 26. Re1 Nd5 27. Bxa7 Nxc7 28. Bc5 Rf7 29. Rf2 Rd7 30. Rfxe2 Rxe2 31. Rxe2 Kf7 32. Kf2 Ne6 33. Be3 Ke7 34. a4 Rd5 35. Re1 Kd6 36. Ra1 Nc7 37. Ra3 Rd1 38. Rb3 Rb1 39. Ke2 Nd5 40. Bd2 Bxc3 41. Bxc3 Nxc3+ 42. Rxc3 Rxb2+ 43. Ke3 Ra2 44. Rd3+ Kc6 45. Rd4 Ra3+ 46. Kd2 Rf3 47. Ke2 Ra3 48. Ke1 Rf3 49. Kd2 Ra3 50. Ke2 Ra2+ 51. Kd3 Ra3+ 52. Kd2 Rf3 53. a5 Ra3 54. Rd8 Rxa5 55. Rh8 Ra7 56. Rg8 Kd5 57. Rg7 Ra2+ 58. Kc3 Ke4 59. Rxh7 Kxf4 60. Rf7 Kxg5 61. h7 Rh2 62. Kd4 Kf4 63. Kd5 g5 64. Ke6 Ke4 65. Rxf5 Rh6+ 66. Rf6 Rxh7 67. Rg6 Kf4 68. Rf6+ Kg3 69. Kf5 g4 70. Rg6 Rf7+ 71. Ke4 Kh3 72. Ke3 g3 73. Ke2 Kg2 74. Ke3 Kh2 75. Ke2 g2 76. Rh6+ Kg1 77. Ra6 Rh7 78. Kf3 Kh1 0-1